Szczegóły MARC21

Związki Pomorza Zachodniego z Polską XIV-XVII w. : w 350. rocznicę śmierci ostatniego panującego księcia Pomorza Zachodniego Bogusława XIV (10 marca 1637 r.) : katalog wystawy archiwalnej /

003 -Nazwa inst., której nr kontr. jest w polu 001 [,]
    • @
    • Nazwa instytucji, której n kontrolny jest w polu 001
    • NUKAT
005 -DATA I CZAS OSTATNIEJ MODYFIKACJI [,]
    • @
    • pole kontrolne
    • 20241231105255.0
040 -Instytucja sporządzająca opis [ , ]
    • a
    • Instytucja, która sporządziła opis (NP)
    • Ł U/mn
    • c
    • Instytucja, która sporządziła rekord (NP)
    • Ł U/mn
    • d
    • Instytucja, która zmodyfikowała rekord (P)
    • Ł U/mn
    • d
    • Instytucja, która zmodyfikowała rekord (P)
    • TOR U/JSzs
942 -Rodzaj dokumentu [ , ]
    • c
    • Rodzaj dokumentu
    • Książka
110 -Hasło główne - nazwa ciała zbiorowego [2, ]
    • a
    • Nazwa ciała zbiorowego lub nazwa geograficzna jako pierwszy element (NP)
    • Archiwum Główne Akt Dawnych (Warszawa). Find
    • 9
    • KHW
    • 48281
245 -Strefa tytułu i oznaczenia odpowiedzialności [1,0]
    • a
    • Tytuł
    • Związki Pomorza Zachodniego z Polską XIV-XVII w. : Find
    • b
    • Ciąg dalszy tytułu (NP)
    • w 350. rocznicę śmierci ostatniego panującego księcia Pomorza Zachodniego Bogusława XIV (10 marca 1637 r.) : katalog wystawy archiwalnej / Find
    • c
    • Pozostałe elementy strefy tytułu i oznaczenia odpowiedzialności (NP)
    • Archiwum Główne Akt Dawnych w Warszawie, Archiwum Państwowe w Szczecinie, Książnica Szczecińska ; [aut. katalogu Kazimierz Kozłowski et al. ; red. katalogu Maria Frankel].
246 -Wariant tytułu [3, ]
    • a
    • Tytuł (NP)
    • Katalog wystawy archiwalnej
260 -Strefa adresu wydawniczego [ , ]
    • a
    • Miejsce wydania (P)
    • Szczecin :
    • b
    • Nazwa wydawcy (P)
    • Książnica Szczecińska,
    • c
    • Data wydania (P)
    • 1987.
300 -Strefa opisu fizycznego [ , ]
    • a
    • Określenie formy książki i/lub objętość (NP)
    • 49 s. ;
    • c
    • Format (NP)
    • 24 cm.
336 -Typ zawartości [ , ]
    • a
    • Termin opisujący typ zawartości
    • Tekst
    • b
    • Kod określający zawartość
    • txt
    • 2
    • Źródło (terminu i kodu)
    • rdacontent
337 -Typ mediów [ , ]
    • a
    • Tryb odtwarzania
    • Bez urządzenia pośredniczącego
    • b
    • Kod typu mediów
    • n
    • 2
    • Źródło (terminu i kodu)
    • rdamedia
338 -Typ/rodzaj nośnika [ , ]
    • a
    • Hasło opisujące typ nośnika
    • Wolumin
    • b
    • Kod typu nośnika
    • nc
    • 2
    • Źródło (terminu i kodu)
    • rdacarrier
080 -Uniwersalna Klasyfikacja Dziesiętna [ , ]
    • a
    • Symbol klasyfikacji
    • 016
    • 9
    • UKD
    • 2258
    • 2
    • Identyfikator wydania tablic
    • UDC-P058
    • b
    • Dopowiedzenie
    • Bibliografie dziedzin i zagadnień.
080 -Uniwersalna Klasyfikacja Dziesiętna [ , ]
    • a
    • Symbol klasyfikacji
    • :943.825(093)::930.253(438.251)
651 -Hasło przedmiotowe w formie nazwy geograficznej [ ,7]
    • a
    • Nazwa geograficzna
    • Pomorze Zachodnie (Polska ; region)
    • v
    • Określnik formalny
    • katalogi wystaw.
    • 2
    • Źródło terminu
    • kaba
    • 9
    • KHW
    • 642391
651 -Hasło przedmiotowe w formie nazwy geograficznej [ ,7]
    • a
    • Nazwa geograficzna
    • Pomorze Zachodnie (Polska ; region)
    • x
    • Określnik rzeczowy
    • stosunki
    • z
    • Określnik geograficzny
    • Polska
    • x
    • Określnik rzeczowy
    • historia
    • v
    • Określnik formalny
    • katalogi wystaw.
    • 2
    • Źródło terminu
    • kaba
    • 9
    • KHW
    • 642393
651 -Hasło przedmiotowe w formie nazwy geograficznej [ ,7]
    • a
    • Nazwa geograficzna
    • Polska
    • x
    • Określnik rzeczowy
    • stosunki
    • z
    • Określnik geograficzny
    • Polska
    • z
    • Określnik geograficzny
    • Pomorze Zachodnie (region)
    • x
    • Określnik rzeczowy
    • historia
    • v
    • Określnik formalny
    • katalogi wystaw.
    • 2
    • Źródło terminu
    • kaba
    • 9
    • KHW
    • 642392
980 -Symbol UKD [ , ]
    • a
    • UKD
    • 016:943.825(093)::930.253(438.251)
700 -Hasło dodatkowe - nazwa osobowa [1, ]
    • a
    • Nazwa osobowa (NP)
    • Kozłowski, Kazimierz Find
    • d
    • Daty biograficzne (NP)
    • (1942- ).
    • e
    • Określenie rodzaju współpracy
    • Oprac.
    • 9
    • KHW
    • 15384
700 -Hasło dodatkowe - nazwa osobowa [1, ]
    • a
    • Nazwa osobowa (NP)
    • Frankel, Maria Find
    • d
    • Daty biograficzne (NP)
    • (1957-2020).
    • e
    • Określenie rodzaju współpracy
    • Red.
    • 9
    • KHW
    • 7852
710 -Hasło dodatkowe - nazwa ciała zbiorowego [2, ]
    • a
    • Nazwa ciała zbiorowego lub nazwa geograficzna jako pierwszy element (NP)
    • Archiwum Państwowe (Szczecin).
    • 9
    • KHW
    • 23118
710 -Hasło dodatkowe - nazwa ciała zbiorowego [2, ]
    • a
    • Nazwa ciała zbiorowego lub nazwa geograficzna jako pierwszy element (NP)
    • Książnica Szczecińska.
    • 9
    • KHW
    • 59969
Numer inwentarzowy Data inwentaryzacji Status udost. Sygnatura Lokalizacja
Z.702962000-10-251Z.70296BG
W.2033812000-11-07-3W.203381BG
H.20702000-10-251 BNS